[Event "OLNO 2223 Greifswalder SV - SC Kreuzberg"]
[Site "?"]
[Date "2023.05.07"]
[Round "9.4"]
[White "Hertel, Johannes"]
[Black "Dathe, Frederick"]
[Result "1-0"]
[WhiteElo "2027"]
[BlackElo "2087"]
[PlyCount "153"]
[EventDate "2023.??.??"]

1. d4 Nf6 2. c4 c5 3. Nf3 cxd4 4. Nxd4 e5 5. Nb5 d5 6. cxd5 Bc5 7. N5c3 O-O 8. e3 Bf5 9. Be2 e4 10. g4 Bg6 11. h4 h6 12. Nd2 Bb4 13. Qb3 Bxc3 14. bxc3 Qxd5 15. h5 Bh7 16. c4 Qe6 17. Bb2 Nbd7 18. g5 hxg5 19. h6 gxh6 20. Rxh6 Bg6 21. O-O-O Rfd8 22. Rg1 Kg7 23. Rh2 Nc5 24. Qc2 Rac8 25. Rxg5 Nd3+ 26. Bxd3 Rxd3 27. Rh4 Rh8 28. Rxh8 Kxh8 29. Re5 Qg4 30. Re8+ Kg7 31. Bxf6+ Kxf6 32. Qb2+ Kg5 33. Qe5+ Kh4 34. Qh2+ Kg5 35. Qe5+ Kh4 36. Rh8+ Bh5 37. Qh2+ Kg5 38. Nxe4+ Qxe4 39. Qxh5+ Kf6 40. Rh6+ Ke7 41. Qh4+ Qxh4 42. Rxh4 Ra3 43. Kb2 Ra5 44. Rd4 Ke6 45. Kb3 Rf5 46. f4 Rh5 47. Kb4 Rh2 48. a4 Rb2+ 49. Kc3 Ra2 50. Kb3 Ra1 51. c5 Rc1 52. Kb4 Rb1+ 53. Kc4 Re1 54. Rd6+ Ke7 55. Rd3 Ra1 56. Kb4 Ke6 57. e4 Re1 58. Rd6+ Ke7 59. Rd4 Rb1+ 60. Kc4 Ke6 61. a5 Rc1+ 62. Kb5 Rb1+ 63. Rb4 Ra1 64. Rb3 Kd7 65. f5 Kc7 66. Re3 Rb1+ 67. Kc4 Kc6 68. Kd4 Rd1+ 69. Ke5 Kxc5 70. Rc3+ Kb5 71. Rc7 b6 72. axb6 Kxb6 73. Rxf7 a5 74. Rh7 a4 75. Rh2 Kc5 76. Rf2 a3 77. f6 1-0

[Event "OLNO 2223 Greifswalder SV - SC Kreuzberg"]
[Site "?"]
[Date "2023.05.07"]
[Round "9.5"]
[White "Moritz, Aron"]
[Black "Kalhorn, Stefan"]
[Result "1-0"]
[WhiteElo "2212"]
[BlackElo "2097"]
[PlyCount "109"]
[EventDate "2023.??.??"]

1. e4 c6 2. d4 d5 3. exd5 cxd5 4. Bd3 Nc6 5. c3 Nf6 6. Bf4 Bg4 7. Qb3 Qd7 8. Nd2 e6 9. Ngf3 Bd6 10. Bxd6 Qxd6 11. O-O O-O 12. Rfe1 Bxf3 13. Nxf3 Rab8 14. a4 Rfc8 15. Qd1 Qc7 16. Qe2 a6 17. h3 Na5 18. Ne5 Nc4 19. Bxc4 dxc4 20. a5 Nd7 21. Ra4 Nxe5 22. Qxe5 b5 23. axb6 Rxb6 24. Qxc7 Rxc7 25. Re2 Kf8 26. Kf1 Ke7 27. Ke1 Kd7 28. Kd1 Kc8 29. Kc2 Kb7 30. Re5 Rb5 31. f4 Rc6 32. g4 Rcb6 33. Rxc4 Rxb2+ 34. Kd3 Rh2 35. Rec5 Rxh3+ 36. Ke4 Rb1 37. Rc7+ Kb8 38. Ke5 Rb7 39. Kd6 Rf3 40. Rxb7+ Kxb7 41. Rc7+ Kb6 42. Rxf7 g5 43. c4 Rxf4 44. c5+ Ka5 45. Rxf4 gxf4 46. c6 f3 47. c7 f2 48. c8=Q f1=Q 49. Qxe6 Kb4 50. Ke7 Qf4 51. d5 Qg5+ 52. Ke8 Kc5 53. d6 Kc6 54. d7+ Kc7 55. Qc4+ 1-0

[Event "OLNO 2223 Greifswalder SV - SC Kreuzberg"]
[Site "?"]
[Date "2023.05.07"]
[Round "9.6"]
[White "Lange, Jannis"]
[Black "Holzapfel, Daniel"]
[Result "0-1"]
[WhiteElo "2091"]
[BlackElo "2241"]
[PlyCount "86"]
[EventDate "2023.??.??"]

1. Nf3 Nf6 2. g3 b6 3. Bg2 Bb7 4. d3 d5 5. O-O e6 6. Nbd2 Nbd7 7. Re1 Bc5 8. e4 dxe4 9. Nxe4 Nxe4 10. dxe4 Nf6 11. Nd2 Qd4 12. Qe2 Ba6 13. Nb3 Bxe2 14. Nxd4 Ba6 15. Nb3 Be7 16. Bf4 O-O-O 17. a4 Bb7 18. a5 Nd7 19. Be3 Bf6 20. Ra2 Ne5 21. axb6 axb6 22. Nd2 Ng4 23. Nc4 Nxe3 24. Rxe3 Rd4 25. b3 Rd1+ 26. Bf1 Rhd8 27. Nb2 Bxb2 28. Rxb2 R8d4 29. f3 Ba6 30. c4 R4d2 31. Rxd2 Rxd2 32. Be2 Kd7 33. f4 Bb7 34. Kf2 f5 35. e5 Rb2 36. Rd3+ Ke7 37. h4 Be4 38. Rc3 Bc2 39. c5 Bd1 40. Re3 bxc5 41. Ke1 Rxe2+ 42. Rxe2 Bxe2 43. Kxe2 h5 0-1

[Event "OLNO 2223 Greifswalder SV - SC Kreuzberg"]
[Site "?"]
[Date "2023.05.07"]
[Round "9.7"]
[White "Syre, Christian"]
[Black "Patzenhauer, Max"]
[Result "1-0"]
[WhiteElo "2164"]
[BlackElo "1958"]
[PlyCount "147"]
[EventDate "2023.??.??"]

1. d4 Nf6 2. Nf3 g6 3. c4 Bg7 4. Nc3 d5 5. cxd5 Nxd5 6. e4 Nxc3 7. bxc3 c5 8. Be3 O-O 9. Rc1 Bg4 10. d5 Qa5 11. Qd2 Nd7 12. c4 Qb6 13. Be2 Nf6 14. Qc2 Qc7 15. h3 Bxf3 16. Bxf3 b6 17. O-O Qe5 18. Rfe1 Rad8 19. Qd2 Qc7 20. e5 Nd7 21. d6 exd6 22. exd6 Qb8 23. Bf4 Rfe8 24. Bc6 Qc8 25. Qd5 Bd4 26. Re7 Rf8 27. Rce1 Bf6 28. Bh6 Bg7 29. Bxg7 Kxg7 30. Bxd7 Rxd7 31. g4 Rdd8 32. Rxa7 Qb8 33. Ree7 Qxd6 34. Rxf7+ Rxf7 35. Qxf7+ Kh6 36. Qxh7+ Kg5 37. Rf7 Qd1+ 38. Kg2 Qc2 39. Rf3 Qe4 40. Qg7 Rd3 41. Qf6+ Kh6 42. Qf4+ Qxf4 43. Rxf4 Rd2 44. a3 Kg5 45. Rf3 Rc2 46. Rb3 Rxc4 47. Rxb6 Rc3 48. a4 c4 49. Rc6 Rc1 50. a5 Ra1 51. Rxc4 Rxa5 52. Kg3 Ra3+ 53. f3 Rb3 54. Rf4 Rb1 55. h4+ Kh6 56. Rf7 g5 57. Rf6+ Kg7 58. hxg5 Rb5 59. Rf5 Rb1 60. Re5 Rb3 61. Kf4 Kf7 62. Ke4 Kg6 63. f4 Rb4+ 64. Kf3 Rb6 65. Re3 Ra6 66. Kg3 Ra1 67. Re6+ Kf7 68. Rc6 Ra3+ 69. Kh4 Ra1 70. g6+ Kg7 71. Kg5 Ra5+ 72. f5 Ra8 73. f6+ Kg8 74. Kh6 1-0

[Event "OLNO 2223 Greifswalder SV - SC Kreuzberg"]
[Site "?"]
[Date "2023.05.07"]
[Round "9.8"]
[White "Schwahn, Christian"]
[Black "Held, Momme Fredrik"]
[Result "0-1"]
[WhiteElo "1933"]
[BlackElo "1914"]
[PlyCount "56"]
[EventDate "2023.??.??"]

1. d4 d5 2. Nf3 Nf6 3. g3 g6 4. Bg2 Bg7 5. O-O O-O 6. c4 dxc4 7. Ne5 c5 8. dxc5 Qc7 9. c6 Nxc6 10. Nxc6 bxc6 11. Qa4 Nd5 12. Qxc4 Be6 13. Qc5 Rab8 14. Nc3 Nxc3 15. bxc3 Rb5 16. Bf4 Rxc5 17. Bxc7 Rxc3 18. Rac1 Rc8 19. Rxc3 Bxc3 20. Rc1 Rxc7 21. Rxc3 Bxa2 22. Rxc6 Rxc6 23. Bxc6 Bb3 24. Kf1 a5 25. Ke1 a4 26. Kd2 a3 27. Kc3 a2 28. Kb2 Kg7 0-1